|
|
|
|
| LEADER |
01006nam a2200253 a 4500 |
| 001 |
14385972 |
| 008 |
100318s2006 nyua e 001 0 eng d |
| 010 |
|
|
|a \\2006276769
|
| 020 |
|
|
|a 0072262672 (pbk.)
|
| 040 |
|
|
|a DLC
|c DLC
|d DLC
|d BD-DhAAL
|
| 082 |
0 |
4 |
|a 006.686
|2 22
|
| 100 |
1 |
|
|a Plotkin, David.
|
| 245 |
1 |
0 |
|a How to do everything with Photoshop Elements 4.0 /
|c David Plotkin.
|
| 246 |
3 |
0 |
|a Photoshop Elements 3.0
|
| 260 |
|
|
|a New York :
|b McGraw Hill/Osborne,
|c c2006.
|
| 300 |
|
|
|a xxii, 426 p. :
|b col. ill. ;
|c 24 cm.
|
| 490 |
0 |
|
|a How to do everything with--
|
| 504 |
|
|
|a Includes index.
|
| 541 |
1 |
|
|e 00017522
|
| 650 |
|
0 |
|a Photography
|x Digital techniques.
|
| 650 |
|
0 |
|a Computer graphics.
|
| 852 |
4 |
|
|a Ayesha Abed Library
|j General Shelf
|
| 999 |
|
|
|c 7801
|d 7801
|
| 952 |
|
|
|0 0
|1 3
|2 ddc
|4 0
|6 006_686000000000000_PLO
|7 0
|9 8663
|a BRACUL
|b BRACUL
|c GEN
|d 2010-03-18
|g 1192.50
|l 7
|m 56
|o 006.686 PLO
|p 3010017522
|r 2018-09-18
|s 2014-04-26
|t 2
|v 2385.00
|w 2010-03-18
|y BK
|x Lost and cost paid by ID-14101204 BDT-2385/- Date-18/09/18
|